000
00329nam a2200133Ia 4500
005
20260326235445.0
008
260326s9999||||xx |||||||||||||| ||und||
100
_a
Ruipérez, Martín S
245
0
_a
Salamanca /
_c
Martín S Ruipérez
260
_b
Seix Barral
300
_a
183 p.
650
_a
ARQUITECTURA REGIONAL
942
_c
BK
999
_c
7543
_d
7543